Выбор типа замедляющей системы для волноводных циклических ускорителей на большие энергии; Электронные ускорители

Detalles Bibliográficos
Parent link:Электронные ускорители.— 1964.— С. 121-126
Outros autores: Воробьев А. А. Александр Акимович, Диденко А. Н. Андрей Николаевич, Коваленко Е. С., Морозов Б. Н.
Idioma:ruso
Publicado: 1964
Subjects:
Formato: MixedMaterials Capítulo de libro
KOHA link:https://koha.lib.tpu.ru/cgi-bin/koha/opac-detail.pl?biblionumber=171715

MARC

LEADER 00000naa2a2200000 4500
001 171715
005 20231031164043.0
035 |a (RuTPU)RU\TPU\book\186181 
035 |a RU\TPU\tpu\5392 
090 |a 171715 
100 |a 20091208d1964 k y0rusy50 ca 
101 0 |a rus 
102 |a RU 
200 1 |a Выбор типа замедляющей системы для волноводных циклических ускорителей на большие энергии  |f А. А. Воробьев [и др.] 
463 0 |0 (RuTPU)RU\TPU\book\101575  |t Электронные ускорители  |o труды IV межвузовской конференции по электронным ускорителям, 13-17 февраля 1961 г. Томск  |v С. 121-126  |d 1964  |p 559 с. 
610 1 |a электронные ускорители 
610 1 |a труды учёных ТПУ 
701 1 |a Воробьев  |b А. А.  |c российский физик  |c ректор Томского политехнического института, профессор  |f 1909-1981  |g Александр Акимович  |2 stltpush  |3 (RuTPU)RU\TPU\pers\12805  |4 070 
701 1 |a Диденко  |b А. Н.  |c российский ученый, физик  |c профессор, зав. кафедрой физико-энергетических установок Томского политехнического университета  |f 1932-  |g Андрей Николаевич  |2 stltpush  |3 (RuTPU)RU\TPU\pers\19779  |4 070 
701 1 |a Коваленко  |b Е. С.  |4 070 
701 1 |a Морозов  |b Б. Н.  |4 070 
801 0 |a RU  |b 63413507  |c 20011210  |g PSBO 
801 2 |a RU  |b 63413507  |c 20091217  |g PSBO 
942 |c BK